000 00694nam a2200193Ia 4500
003 GCL
005 20240530104933.0
008 140319s9999 xx 000 0 ara d
040 _aGCL /
_cGCL
082 0 4 _a810.9
_bط ت
100 1 _aطه احمد ابراهيم
245 1 0 _aتاريخ النقد الادبى عند العرب من العصر الجاهلى الى القرن الرابع الهجرى /
_cطه احمد ابراهيم
260 _a[S.N] :
_bدار الكتب العلمية للنشر والتوزيع ،
_c1985
300 _a177 ص
650 0 4 _aالادب العربى
650 0 4 _aالعصر الجاهلى
650 0 4 _aتاريخ ونقد
942 _2ddc
_cBK
999 _c51912
_d51912